000 01476cab a2200229 4500
001 ##L134829
008 060904n2006 000 0 eng u
035 _a(Sirsi) u134829
041 0 _aeng
100 1 _aBell, James
245 0 0 _aState the obvious if you want to avoid claims for accidents
260 _c2006
490 0 _aConstruction News
_v(6981) 24 August 2006, 41(1)
520 _aDiscusses "Smith and Another v S Notaro Ltd and Another" ([2006] EWCA Civ 775, unreported) which considered the application of the Manual Handling Operations Regulations 1992 and the Construction (Health, Safety and Welfare) Regulations 1996 following an employee's manual handling accident. It was found that employer Plumbase had breached Reg 4 of the 1992 Regulations as it had not given employee Smith training on how to carry heavy loads over uneven surfaces. However, as building owner Notaro was responsible for the unsafe walkway and had breached the 1996 Regulations, CA concluded that Plumbase's liability was one third and Notaro's two thirds. Emphasises the importance for employers to comply fully with their obligations under the 1992 Regulations.
590 _aIKA050906
650 2 4 _aSMITH AND ANOTHER V S NOTARO LTD AND ANOTHER
650 2 4 _aMANUAL HANDLING OPERATIONS REGULATIONS 1992 REG 4
650 2 4 _aCONSTRUCTION (HEALTH, SAFETY AND WELFARE) REGULATIONS 1996
651 4 _aEngland and Wales
_y1543-
690 _aHealth and safety
_96244
942 _n0
999 _c77667
_d77667